Memos a Balaguer / (Registro nro. 13868)
[ vista simple ]
| 000 -LEADER | |
|---|---|
| fixed length control field | 00881nam a2200265 a 4500 |
| 003 - CONTROL NUMBER IDENTIFIER | |
| control field | DO-SdBNP |
| 005 - DATE AND TIME OF LATEST TRANSACTION | |
| control field | 20211111120326.0 |
| 008 - FIXED-LENGTH DATA ELEMENTS--GENERAL INFORMATION | |
| fixed length control field | 100817s2001 dr 001 0 spa d |
| 020 ## - INTERNATIONAL STANDARD BOOK NUMBER | |
| International Standard Book Number | 9993484687 |
| 040 ## - CATALOGING SOURCE | |
| Original cataloging agency | DO-SdBNP |
| Language of cataloging | spa |
| Transcribing agency | BPMSU |
| 082 ## - DEWEY DECIMAL CLASSIFICATION NUMBER | |
| Classification number | 070.442 |
| Item number | C112m 2001 |
| Edition number | 22 |
| 100 1# - MAIN ENTRY--PERSONAL NAME | |
| Personal name | Caba, Pedro, |
| Dates associated with a name | 1945- |
| 245 10 - TITLE STATEMENT | |
| Title | Memos a Balaguer / |
| Statement of responsibility, etc. | Pedro Caba ; presentación Ramón Lorenzo Perelló. |
| 260 ## - PUBLICATION, DISTRIBUTION, ETC. (IMPRINT) | |
| Place of publication, distribution, etc. | Santo Domingo : |
| Name of publisher, distributor, etc. | Taller, |
| Date of publication, distribution, etc. | 2001. |
| 300 ## - PHYSICAL DESCRIPTION | |
| Extent | 2 v. ; |
| Dimensions | 23 cm. |
| 500 ## - GENERAL NOTE | |
| General note | Incluye índice onomástico |
| 505 0# - FORMATTED CONTENTS NOTE | |
| Formatted contents note | 632 Reportajes confidenciales al presidente Balaguer 1991-1996. |
| 590 ## - LOCAL NOTE (RLIN) | |
| Local note | Inventariado,2021/VM |
| 600 14 - SUBJECT ADDED ENTRY--PERSONAL NAME | |
| Personal name | Balaguer, Joaquín, |
| Dates associated with a name | 1906-2002 |
| 9 (RLIN) | 2 |
| 650 14 - SUBJECT ADDED ENTRY--TOPICAL TERM | |
| Topical term or geographic name as entry element | Gobierno y prensa |
| Geographic subdivision | República Dominicana |
| 651 14 - SUBJECT ADDED ENTRY--GEOGRAPHIC NAME | |
| Geographic name | República Dominicana |
| General subdivision | Condiciones económicas |
| 700 1# - ADDED ENTRY--PERSONAL NAME | |
| Personal name | Perelló, Ramón Lorenzo |
| 910 ## - USER-OPTION DATA (OCLC) | |
| User-option data | Vmateo V. |
| 942 ## - ADDED ENTRY ELEMENTS (KOHA) | |
| Source of classification or shelving scheme | Dewey Decimal Classification |
| Koha item type | Libros |
| Withdrawn status | Lost status | Source of classification or shelving scheme | Damaged status | Not for loan | Collection code | Home library | Current library | Date acquired | Full call number | Barcode | Date last seen | Copy number | Price effective from | Koha item type | Total Checkouts |
|---|---|---|---|---|---|---|---|---|---|---|---|---|---|---|---|
| Dewey Decimal Classification | Colección Dominicana | Biblioteca Pública Metropolitana Salomé Ureña | Biblioteca Pública Metropolitana Salomé Ureña | 11/11/2021 | BPMSU CD 070.442 C112m 2001 | BPMSU21110081 | 11/11/2021 | v.1 | 11/11/2021 | Libros | |||||
| Dewey Decimal Classification | Colección Dominicana | Biblioteca Pública Metropolitana Salomé Ureña | Biblioteca Pública Metropolitana Salomé Ureña | 11/11/2021 | BPMSU CD 070.442 C112m 2001 | BPMSU22080038 | 08/24/2022 | v.1, e.2 | 11/11/2021 | Libros |